000 02752nam a22002777a 4500
008 251014b |||||||| |||| 00| 0 eng d
020 _a9788411573245
040 _ctbs
041 _aeng
100 _aDíaz Gutiérrez, Eva
_926154
_eauthor
245 _aMundo profesional 1
_b: edición híbrida : libro + plataforma digital : curso de español para ámbitos profesionales A1-A2
_c/ Eva Díaz Gutiérrez, Eva Narvajas Colón, Pilar Pérez Cañizares, María Suárez Lasierra.
260 _aBarcelona :
_bDifusión,
_c2025.
300 _a189 pages :
_billustrations (color) ;
_c28 cm.
490 _aMundo profesional ;
_v1
520 _aUn manual ideal para aprender a usar el español en contextos profesionales. • Ofrece una visión de las realidades empresariales y profesionales del mundo hispanohablante. • Forma a los usuarios para comunicarse de manera efectiva en el entorno laboral: videoconferencias, correos electrónicos, mensajería y más. • La estructura es muy clara, con una progresión equilibrada de contenidos. • Cada unidad incluye un resumen del vocabulario, la gramática y los recursos comunicativos más importantes. • Se presta especial atención a los aspectos interculturales. • Desarrolla todas las competencias con un enfoque particular en la mediación. • Ofrece videos auténticos. • Edición híbrida: libro + plataforma digital con una gran cantidad de recursos (libro interactivo, audio, videos, exámenes, glosarios, etc.).
520 _aAn ideal textbook for learning to use Spanish in professional contexts. • Provides insight into the business and professional realities of the Spanish-speaking world. • Trains learners to communicate effectively in the workplace: videoconferences, emails, messaging, and more. • Features a clear structure with a balanced progression of content. • Each unit includes a summary of the most important vocabulary, grammar, and communication tools. • Pays special attention to intercultural aspects. • Develops all skills, with a particular focus on mediation. • Includes authentic videos. • Hybrid edition: book + digital platform with a wide range of resources (interactive book, audio, videos, exams, glossaries, etc.).
650 0 _aSpanish language
_xGrammar
_910270
650 0 _aSpanish language
_xStudy and teaching
_926155
650 0 _aSpanish language
_xStudy and teaching
_xForeign speakers
_912080
650 0 _aSpanish language
_vComposition and exercises
_926157
650 0 _aSpanish language
_xBusiness Spanish
_926156
700 _aNarvajas Colón, Eva
_926160
_eauthor
700 _aPérez Cañizares, Pilar
_926161
_eauthor
700 _aSuárez Lasierra, María
_926162
_eauthor
942 _2lcc
999 _c5046
_d5046